| 000 | 01093cam a2200217 4500 | ||
|---|---|---|---|
| 001 | WB3744-15 | ||
| 008 | 011122n2001 000 0 eng u | ||
| 035 | _a(Sirsi) u115692 | ||
| 245 | _aHSC publishes asbestos proposals | ||
| 260 | _c2001 | ||
| 490 |
_aHealth and Safety Executive Press Release _v(CO51:01) (3) |
||
| 520 | _aHealth and Safety Commission publishes consultative document with revised propsals for the introduction of a new duty to manage the risk from asbestos in premises. The change will be to widen the definition of the duty holder with a proposal to extend the duty to all those who legally have maintenance and repair responsibilities for any part of the premises. Copies of the consultative document can be downloaded from the HSE website at http://hse.gov.uk/condocs/ | ||
| 590 | _aWB | ||
| 650 | _aMANAGEMENT-HEALTH AND SAFETY-HAZARDOUS SUBSTANCES-ASBESTOS | ||
| 650 | _aHEALTH AND SAFETY COMMISSION | ||
| 650 | _aWORKPLACE PREMISES | ||
| 650 | _aRISK MANAGEMENT | ||
| 650 | _aAPPROVED CODE OF PRACTICE | ||
| 690 |
_aHEALTH AND SAFETY _96244 |
||
| 942 | _n0 | ||
| 999 |
_c68907 _d68907 |
||